Statistics for Star Wars Quiz 1

Click here to take the quiz!

General Stats

  • This quiz has been taken 203 times
    (194 since last reset)
  • The average score is 7 of 15

Answer Stats

HintAnswer% Correct
When was Star Wars the Force awakens released?2015
96%
Which Star Wars character has a purple lightsaber?Mace Windu
96%
Which Planet was destroyed by the Death Star?Alderaan
93%
Name the title of the second Star Wars movie (2002)Attack of the clones
91%
Name the number of official Star Wars the Clone Wars seasons. 7
86%
Who destroyed the second Death Star?Lando Calrissian
75%
Name the Master of Darth SidiousDarth Plagueis
71%
Which blue skinned EU character appeared in Star Wars Rebels?Thrawn
43%
Which planet is considered the homeplanet of the ancient Sith?Korriban
20%
Which world featured in Clone Wars told the story of the ones?Mortis
19%
Who was Delta Squads demolition expert?Scorch
15%
Which hyperlane crosses the entire Galaxy?Hydian Way
6%
Which species represented in the Republic Senat is based on E.T.?Asogian
4%
Name Grand Moff Tarkins personal starship (EU)Carrion Spike
4%
Name the cousin of Lukes childhood friend who died during the battle of Yavin.Gavin Darklighter
4%

Score Distribution

Percentile by Number Answered

Percent of People with Each Score

Your Score History

You have not taken this quiz since the last reset